|
|
|
|
| LEADER |
00000cam a2200000 a 4500 |
| 001 |
vtls010036556 |
| 003 |
SK-MaSNL |
| 005 |
20260301212630.0 |
| 008 |
251124s2009 xo d f 000 0 slo |
| 015 |
|
|
|a SNBA2010/03-01722
|
| 020 |
|
|
|a 9788055500003
|q (viaz.)
|
| 035 |
|
|
|a BDBD79E6-3B29-4047-9A17-6D1D8671FDA3
|
| 035 |
|
|
|a urn:nbn:sk:snk-amk9py
|
| 035 |
|
|
|a urn:nbn:sk:snk-am00896o
|
| 040 |
|
|
|a SNK
|b slo
|c SNK
|e AACR2
|
| 041 |
0 |
|
|a slo
|a cze
|
| 043 |
|
|
|a e------
|
| 044 |
|
|
|a xo
|c SK
|
| 072 |
|
7 |
|a 316.4/.7
|x Sociálne interakcie
|2 konspekt
|
| 080 |
|
|
|a 316.72/.75
|2 2001
|
| 080 |
|
|
|a 316.772.4
|2 2001
|
| 080 |
|
|
|a 316.72/.73
|2 2001
|
| 080 |
|
|
|a (082)
|2 2001
|
| 080 |
|
|
|a (4)
|2 2001
|
| 245 |
0 |
0 |
|a Medzikultúrny dialóg
|b stav - kontexty - perspektívy
|c Daniel Dobiaš, Marcela Gbúrová, Irina Mattová (eds.)
|
| 250 |
|
|
|a 1. vyd.
|
| 260 |
|
|
|a Prešov
|b Filozofická fakulta Prešovskej univerzity
|c 2009
|
| 300 |
|
|
|a 488 s.
|b grafy
|c 21 cm
|
| 366 |
|
|
|e 250 výt.
|
| 490 |
1 |
|
|a Acta Facultatis Philosophicae Universitatis Prešoviensis
|v 250/332
|a Politologický zborník
|v 6
|
| 504 |
|
|
|a Bibliogr. odkazy
|
| 546 |
|
|
|a Text čiastočne česky
|
| 650 |
0 |
7 |
|a multikulturalizmus
|2 SNKPH
|9 4941
|
| 650 |
0 |
7 |
|a interkultúrna komunikácia
|2 SNKPH
|9 2689
|
| 650 |
0 |
7 |
|a dialóg kultúr
|2 SNKPH
|9 186747
|
| 650 |
0 |
7 |
|a Multiculturalism
|2 SNKPHeng
|9 266467
|
| 650 |
0 |
7 |
|a Intercultural communication
|2 SNKPHeng
|9 267181
|
| 650 |
0 |
7 |
|a Dialogue of cultures
|2 SNKPHeng
|9 319788
|
| 651 |
|
7 |
|a krajiny Európy
|2 SNKPHgeo
|9 286450
|
| 655 |
|
7 |
|a zborníky
|2 SNKPH
|9 70165
|
| 655 |
|
7 |
|a Papers of several authors
|2 SNKPHeng
|9 153738
|
| 700 |
1 |
|
|a Dobiaš, Daniel,
|d 1972-
|4 edt
|9 238448
|
| 700 |
1 |
|
|a Gbúrová, Marcela,
|d 1954-
|4 edt
|9 88173
|
| 700 |
1 |
|
|a Kozárová, Irina,
|d 1979-
|4 edt
|9 197411
|
| 810 |
2 |
|
|a Prešovská univerzita v Prešove.
|b Filozofická fakulta
|t Acta Facultatis Philosophicae Universitatis Presoviensis
|p Politologický zborník
|9 598465
|
| 830 |
|
0 |
|a Acta Facultatis Philosophicae Universitatis Prešoviensis
|p Politologický zborník
|9 298762
|
| 852 |
|
|
|a Slovenská národná knižnica
|
| 919 |
|
|
|a 978-80-555-0000-3
|
| 958 |
|
|
|a NB
|
| 958 |
|
|
|a OND
|
| 968 |
|
|
|d 30/31
|
| 999 |
|
|
|c 918713
|d 920643
|
| 952 |
|
|
|a SNK
|b SNK
|y PREZ
|7 0
|p 17A0640783
|o snkSC 138526
|i snk2010/294
|8 0
|0 0
|1 0
|4 0
|d 2010-01-08
|l 0
|r 2017-06-30 00:00:00
|w 2026-02-24
|
| 952 |
|
|
|a SNK
|b SNK
|y VYP
|7 0
|p 17A0640782
|o snkSC 138526 D1
|i snk2010/295
|8 0
|z Digitalizovaný
|0 0
|1 0
|4 0
|d 2010-01-08
|l 0
|r 2026-02-24 08:07:59
|w 2026-02-24
|